000
00197nam a2200085Ia 4500
008
120527s9999 xx 000 0 und d
100
_a
Hubbard & Hankins
245
_a
Theory of valuation
942
_c
BK
999
_c
27241
_d
27241